Annual review of astronomy and astrophysics (Record no. 15765)

MARC details
000 -LEADER
fixed length control field 00691nam a2200217Ia 4500
003 - CONTROL NUMBER IDENTIFIER
control field IN-BaIIA
008 - FIXED-LENGTH DATA ELEMENTS--GENERAL INFORMATION
fixed length control field 211028s9999 xx 000 0 eng d
020 ## - INTERNATIONAL STANDARD BOOK NUMBER
International Standard Book Number 0-8243-0942-1
040 ## - CATALOGING SOURCE
Transcribing agency IIA Library
080 ## - UNIVERSAL DECIMAL CLASSIFICATION NUMBER
Universal Decimal Classification number 047.1:52
Item number ARA-42
245 #0 - TITLE STATEMENT
Title Annual review of astronomy and astrophysics
Remainder of title vol. 42
Statement of responsibility, etc. edited by Geoffery Burbidge, Roger Blandford and Allan Sandage
260 ## - PUBLICATION, DISTRIBUTION, ETC.
Place of publication, distribution, etc. California
Name of publisher, distributor, etc. Annual Reviews
Date of publication, distribution, etc. 2004
300 ## - PHYSICAL DESCRIPTION
Extent ix; 763p.
650 ## - SUBJECT ADDED ENTRY--TOPICAL TERM
Topical term or geographic name entry element Interstellar Turbulence
9 (RLIN) 29069
650 ## - SUBJECT ADDED ENTRY--TOPICAL TERM
Topical term or geographic name entry element Lunar Formation
9 (RLIN) 29070
650 ## - SUBJECT ADDED ENTRY--TOPICAL TERM
Topical term or geographic name entry element Planet Formation
9 (RLIN) 24753
650 ## - SUBJECT ADDED ENTRY--TOPICAL TERM
Topical term or geographic name entry element Sunspots
700 ## - ADDED ENTRY--PERSONAL NAME
Personal name Blandford, Roger, ed.
9 (RLIN) 28594
700 ## - ADDED ENTRY--PERSONAL NAME
Personal name Sandage, Allan, ed.
9 (RLIN) 9048
942 ## - ADDED ENTRY ELEMENTS (KOHA)
Koha item type Books
Holdings
Withdrawn status Lost status Damaged status Not for loan Home library Current library Shelving location Date acquired Total Checkouts Full call number Barcode Date last seen Price effective from Koha item type
        IIA Library-Bangalore IIA Library-Kavalur General Stacks 24/11/2004   047.1:52/ ARA-42 16687 05/11/2021 24/11/2004 Books

Powered by Koha